Súvislosti negatívnych postojov ku kontrolovaniu
Negačný prístup ku kontrolovaniu. Negatívne konotácie kontrolovania a v manažmente všeobecne. Dotazníkový prieskum uskutočnený na prelome rokov 2016 a 2017, ktorý kládol dôraz na kontrolovanie v podnikoch rôznych veľkostí. Výsledky prieskumu.
Uložené v:
| Hlavný autor: | |
|---|---|
| Médium: | Kapitola |
| Jazyk: | Slovak |
| Predmet: | |
| Tagy: |
Žiadne tagy, Buďte prvý, kto otaguje tento záznam!
|
MARC
| LEADER | 00000naa$a2200000$$$4500 | ||
|---|---|---|---|
| 001 | 0259540 | ||
| 005 | 20240502083739.5 | ||
| 041 | 0 | |a slo | |
| 044 | |a CZ | ||
| 245 | 1 | 0 | |a Súvislosti negatívnych postojov ku kontrolovaniu |c Juraj Mišún |
| 520 | |a Negačný prístup ku kontrolovaniu. Negatívne konotácie kontrolovania a v manažmente všeobecne. Dotazníkový prieskum uskutočnený na prelome rokov 2016 a 2017, ktorý kládol dôraz na kontrolovanie v podnikoch rôznych veľkostí. Výsledky prieskumu. | ||
| 610 | 2 | 0 | |a kontrola |
| 610 | 2 | 0 | |a podnik |
| 610 | 2 | 0 | |a manažment |
| 610 | 2 | 0 | |a riadenie |
| 610 | 2 | 0 | |a prieskum |
| 100 | 1 | |a Mišún, Juraj, 1978- | |